000 01207cam a22001934a 4500
005 20250605163935.0
008 250528s ||||||||||||||||||||||||d
035 _a14839
020 _a41590725
040 _aGR-AtMCL
_bgre
_dGR-AtMCL
_eAACR2
245 1 _aCommunication as Culture / Essays on Media and Society
260 _bRouledge,
_c1992
300 _a242
520 _aThis book will force the reader to think in new and fruitful ways about such dichotomies as transmission vs. ritual, administrative vs. critical, positivist vs. Marxist, and cultural vs. power-oriented approaches to communication studies. Acknowledgements, Introduction, Communication as Culture, A Cultural Approach to Communication, Mass Communication and Cultural Studies, Reconceiving ''Mass'' and ''Media'', Overcoming Resistance to Cultural Studies, Technology and Culture, The Mythos of the Electronic Revolution with John J. Quirk, Space and Time and Communications: A Tribute to Harold Innis, The History of the Future with John J. Quirk, Technology and Ideology: The Case of the Telegraph, Work Cited, Index, About the Author.
700 1 _aCarey James W
_9606
942 _cBK
999 _c451
_d451